[Event "Zug"]
[Site "Zug"]
[Date "1991.??.??"]
[Round "10"]
[White "Giertz, Niklaus"]
[Black "Ballmann, Martin"]
[Result "1/2-1/2"]
[WhiteElo "2225"]
[BlackElo "2305"]

1.d4 Nf6 2.Nf3 d5 3.c4 e6 4.Nc3 c6 5.e3 Be7 6.Bd3 Nbd7 7.e4 dxe4 8.Nxe4 O-O
9.O-O b6 10.b3 Bb7 11.Bb2 c5 12.Qe2 Nxe4 13.Bxe4 Bxe4 14.Qxe4 Bf6  1/2-1/2

[Event "Ajka op"]
[Site "Ajka"]
[Date "1992.??.??"]
[Round "3"]
[White "Shabtai, Ran"]
[Black "Kozlov, Oleg"]
[Result "1-0"]
[WhiteElo "2320"]
[BlackElo "2400"]

1.d4 d5 2.c4 e6 3.Nf3 Nf6 4.Nc3 c6 5.e3 Nbd7 6.Bd3 dxc4 7.Bxc4 b5 8.Bd3 a6
9.e4 c5 10.d5 exd5 11.exd5 Nb6 12.O-O Be7 13.Ne5 Nbxd5 14.Nc6 Nxc3 15.bxc3 Qc7
16.Nxe7 Qxe7 17.c4 b4 18.Re1 Be6 19.f4 Qd7 20.f5 Rd8 21.fxe6 Qxd3 22.Qa4+ Ke7
23.Qc6 fxe6 24.Qxe6+ Kf8 25.Be3 Rd4 26.Bh6 Qg6 27.Bf4 Qd3 28.Be5 Ne8 29.Rf1+ Nf6
30.Bxf6 gxf6 31.Qxf6+  1-0

[Event "Alicante op"]
[Site "Alicante"]
[Date "1992.??.??"]
[Round "7"]
[White "Eingorn, Vereslav S"]
[Black "Topalov, Veselin"]
[Result "0-1"]
[WhiteElo "2575"]
[BlackElo "2460"]

1.d4 Nf6 2.Nf3 e6 3.c4 d5 4.Nc3 c6 5.e3 Nbd7 6.Qc2 Bd6 7.Be2 O-O 8.O-O Qe7
9.c5 Bc7 10.e4 dxe4 11.Nxe4 Nxe4 12.Qxe4 e5 13.Bg5 Qe6 14.Bd3 Qg6 15.Qe3 exd4
16.Qxd4 Qh5 17.Rfe1 Bxh2+ 18.Kf1 f6 19.Bh4 Be5 20.Qc4+ Kh8 21.g4 Qh6 22.Kg2 Bxb2
23.Rh1 b5 24.cxb6 Bxa1 25.Bg3 Nxb6 26.Qb4 Qxh1+ 27.Kxh1 c5 28.Qe4 f5 29.Qe7 Bd7
30.gxf5 Bc6 31.Kg2 Rac8 32.Be5 Bxe5 33.Qxe5 c4 34.Bc2 Rfe8 35.Qd6 Red8 36.Qe5 Nd7
37.Qa5 Nf6 38.Kg3 Bxf3 39.Kxf3 Rd7 40.Qa6 Rcc7 41.Qb5 h6 42.a4 c3 43.a5 Kh7
44.a6 Rd2 45.Qa5 Rc8 46.Qa4 Re8 47.Qb3 Ree2  0-1

[Event "Alicante op"]
[Site "Alicante"]
[Date "1992.??.??"]
[Round "9"]
[White "Komljenovic, Davor"]
[Black "Novikov, Igor A"]
[Result "1/2-1/2"]
[WhiteElo "2495"]
[BlackElo "2580"]

1.d4 d5 2.c4 e6 3.Nc3 c6 4.e3 Nf6 5.Nf3 Nbd7 6.Qc2 Bd6 7.Be2 O-O 8.O-O Re8
9.Rd1 Qe7 10.b3 dxc4 11.bxc4 e5 12.c5 Bc7 13.Bc4 h6 14.Ba3 e4 15.Nd2 Nf8
16.g3 N8h7  1/2-1/2

[Event "Altensteig"]
[Site "Altensteig"]
[Date "1992.??.??"]
[Round "6"]
[White "Sadler, Matthew"]
[Black "Ribli, Zoltan"]
[Result "1/2-1/2"]
[WhiteElo "2515"]
[BlackElo "2610"]

1.d4 d5 2.c4 c6 3.Nf3 Nf6 4.Nc3 e6 5.e3 Nbd7 6.Qc2 Bd6 7.e4 dxe4 8.Nxe4 Nxe4
9.Qxe4 c5 10.Bd2 Nf6 11.Qh4 cxd4 12.Nxd4 Bd7 13.Bc3 Qc7 14.Bd3 h6 15.O-O e5
16.Nf5 Bxf5 17.Bxf5 O-O 18.Rac1 Rfe8 19.Rfe1 a5 20.a3 Kh8 21.b4 axb4 22.axb4 b6
23.Kh1  1/2-1/2

[Event "Altensteig"]
[Site "Altensteig"]
[Date "1992.??.??"]
[Round "6"]
[White "Gabriel, Christian"]
[Black "Mueller, Karsten"]
[Result "1/2-1/2"]
[WhiteElo "2490"]
[BlackElo "2490"]

1.c4 e6 2.Nc3 d5 3.d4 c6 4.e3 Nf6 5.Nf3 Nbd7 6.Bd3 dxc4 7.Bxc4 b5 8.Bb3 b4
9.Na4 Ba6 10.Bd2 Rc8 11.Rc1 Ne4 12.Bc4 Bb7 13.O-O Be7 14.Bd3 Nxd2 15.Nxd2 c5
16.dxc5 O-O 17.Ne4 Bxe4 18.Bxe4 Nxc5 19.Nxc5  1/2-1/2

[Event "Altensteig"]
[Site "Altensteig"]
[Date "1992.??.??"]
[Round "11"]
[White "Stangl, Markus"]
[Black "Mueller, Karsten"]
[Result "1/2-1/2"]
[WhiteElo "2475"]
[BlackElo "2490"]

1.c4 c6 2.Nf3 d5 3.d4 e6 4.e3 Nf6 5.Nc3 Nbd7 6.Qc2 Bd6 7.Be2 O-O 8.O-O e5
9.cxd5 cxd5 10.Nb5 Bb8 11.dxe5 Nxe5 12.Bd2 Ne4 13.Rad1 Bg4 14.Nbd4 Qb6 15.Nxe5 Bxe2
16.Nxe2 Bxe5 17.Bc3 Qc6 18.Qb3 Bxc3 19.Nxc3 Nxc3 20.bxc3 Rfd8 21.Rd4 Rd7
22.Rfd1 Rad8 23.a4 g6 24.R1d3 Rc8 25.g3 Qe6 26.Qd1 Rc5 27.h4 h5 28.Qf3 Kg7
29.Qf4 b6 30.Qf3 Rdc7 31.Qe2 Qc6 32.Qb2 Kh7 33.Qd2  1/2-1/2

[Event "Altensteig"]
[Site "Altensteig"]
[Date "1992.??.??"]
[Round "11"]
[White "Schlosser, Philipp"]
[Black "Ribli, Zoltan"]
[Result "1/2-1/2"]
[WhiteElo "2500"]
[BlackElo "2610"]

1.c4 Nf6 2.Nf3 c6 3.Nc3 d5 4.e3 e6 5.d4 Nbd7 6.Qc2 Bd6 7.Be2 O-O 8.O-O dxc4
9.Bxc4 a6 10.Rd1 c5 11.dxc5 Bxc5 12.Bd3 Qc7 13.b3 Bd6  1/2-1/2

[Event "Simferopol/Alushta (Women)"]
[Site "Alushta"]
[Date "1992.??.??"]
[Round "?"]
[White "Borsuk, Angela"]
[Black "Muchnik, Larisa l"]
[Result "0-1"]
[WhiteElo "2195"]
[BlackElo "2195"]

1.d4 d5 2.c4 e6 3.Nc3 c6 4.e3 Nf6 5.Nf3 Nbd7 6.Bd3 dxc4 7.Bxc4 b5 8.Bd3 Bb7
9.O-O a6 10.Qe2 c5 11.a3 c4 12.Bc2 Be7 13.e4 Nb6 14.h3 h6 15.Be3 O-O 16.Rad1 Qc7
17.Bb1 Rfd8 18.Ne5 Nbd7 19.f4 Nf8 20.g4 N6d7 21.Rf2 Nxe5 22.fxe5 Ng6 23.Rdf1 Rf8
24.Rf3 Rad8 25.Qh2 f6 26.exf6 Qxh2+ 27.Kxh2 Bxf6 28.Ne2 a5 29.R3f2 e5 30.d5 Be7
31.Bb6 Rxf2+ 32.Rxf2 Ra8 33.Nc3 b4 34.Nb5 Bd8 35.Bc5 Ba6 36.a4 Rc8 37.Be3 Bxb5
38.axb5 a4 39.Rc2 b3 40.Rc1 Ba5 41.b6 c3 42.Bd3 Rb8 43.d6 cxb2 44.Bc4+ Kh7
45.Rd1 Nf8 46.Bc5 Bxb6 47.Ba3 Bd4 48.Rb1 Rc8  0-1

[Event "Simferopol/Alushta (Women)"]
[Site "Alushta"]
[Date "1992.??.??"]
[Round "?"]
[White "Zayac, Elena"]
[Black "Lelchuk, Zoja"]
[Result "1/2-1/2"]
[WhiteElo "2350"]
[BlackElo "2335"]

1.d4 Nf6 2.c4 c6 3.Nc3 d5 4.e3 e6 5.Nf3 Nbd7 6.Bd3 dxc4 7.Bxc4 b5 8.Bd3 Bb7
9.e4 b4 10.Na4 c5 11.e5 Nd5 12.O-O cxd4 13.Re1 g6 14.Bd2 Bg7 15.Bb5 O-O 16.Bg5 f6
17.exf6 N5xf6 18.Bxd7 Qxd7 19.Nc5 Bxf3 20.Nxd7 Bxd1 21.Nxf8 Bc2 22.Nxe6 Ne4
23.Rxe4 Bxe4 24.Nxg7 Kxg7 25.Rd1 d3 26.f3 Bf5 27.g4 Be6 28.b3 h6 29.Be7 a5
30.Rxd3 Kf7 31.Bd6 h5 32.h3 Rc8 33.Rd2 Rc3 34.Kf2 hxg4 35.hxg4 Rc6 36.Ke3 Bc8
37.Be5 Ke6 38.Bd4 Ba6 39.Kf4 Rd6 40.Ke3 Bb5 41.Rc2 Rc6  1/2-1/2

[Event "Simferopol/Alushta"]
[Site "Alushta"]
[Date "1992.??.??"]
[Round "?"]
[White "Lerner, Konstantin Z"]
[Black "Kharlov, Andrei"]
[Result "0-1"]
[WhiteElo "2530"]
[BlackElo "2555"]

1.d4 d5 2.c4 e6 3.Nc3 c6 4.e3 Nf6 5.Nf3 Nbd7 6.Bd3 dxc4 7.Bxc4 b5 8.Bd3 b4
9.Ne4 Bb7 10.Nxf6+ gxf6 11.e4 c5 12.d5 exd5 13.exd5 Bxd5 14.O-O Qb6 15.Re1+ Be6
16.a3 b3 17.Bf4 O-O-O 18.Qe2 Bd6 19.Bxd6 Qxd6 20.Rad1 Kb8 21.Bc4 Qb6 22.Bxe6 fxe6
23.Qc4 Ne5 24.Nxe5 fxe5 25.Qe4 Qc7 26.Qc4 Qb6 27.Rc1 Rd2 28.Rxe5 Rhd8 29.Rxe6 Qxe6
30.Qxe6 Rd1+ 31.Qe1 Rxe1+ 32.Rxe1 Rd2 33.Rb1 Kc7 34.g4 Kd6 35.Kg2 Ke5 36.Kg3 Ke4
37.f4 Kd3 38.f5 Kc2 39.Rf1 Kxb2 40.Rf2 Rxf2 41.Kxf2 c4 42.f6 c3 43.f7 c2
44.f8=Q c1=Q 45.Qf6+ Ka2 46.Qf7 Qc3 47.Kg2 Qd3 48.a4 Ka1 49.Qf6+ b2 50.a5 Ka2
51.Qf7+ Ka3 52.Qe7+ Kb3  0-1

[Event "Alushta"]
[Site "Alushta"]
[Date "1992.??.??"]
[Round "1"]
[White "Naumkin, Igor"]
[Black "Novikov, Igor A"]
[Result "1/2-1/2"]
[WhiteElo "2430"]
[BlackElo "2585"]

1.d4 d5 2.c4 e6 3.Nc3 c6 4.e3 Nf6 5.Nf3 Nbd7 6.Qc2 Bd6 7.Be2 O-O 8.O-O Re8
9.Bd2 Qe7 10.Rad1 a6 11.e4 dxe4 12.Nxe4 Nxe4 13.Qxe4 e5 14.dxe5  1/2-1/2

[Event "Wch U26"]
[Site "Antwerp"]
[Date "1992.??.??"]
[Round "4"]
[White "Tabatadze, Tamaz"]
[Black "San Segundo, Pablo"]
[Result "0-1"]
[WhiteElo "2405"]
[BlackElo "2425"]

1.c4 c6 2.d4 d5 3.Nf3 Nf6 4.e3 e6 5.Nc3 Nbd7 6.Bd3 dxc4 7.Bxc4 b5 8.Bd3 Bb7
9.a3 b4 10.Ne4 bxa3 11.bxa3 Be7 12.Nxf6+ Nxf6 13.O-O O-O 14.e4 c5 15.e5 Nd7
16.Re1 Bxf3 17.Qxf3 cxd4 18.Bb2 Nc5 19.Rad1 Qa5 20.Re2 Rab8 21.Bxd4 Nxd3
22.Qxd3 Rfd8 23.h3 Qa4 24.Red2 Bg5 25.Re2 Rd5 26.Re4 Rbd8 27.Kh2 Be7 28.Rd2 a5
29.Qe3 Qxa3 30.Qxa3 Bxa3 31.Ra2 Rxd4 32.Rxd4 Rxd4 33.Rxa3 a4 34.Rc3 g5 35.Rc8+ Kg7
36.Ra8 h5 37.Kg3 Kg6 38.Kf3 Kf5 39.Ra5 Rb4 40.Ke3 Rb3+ 41.Kd4 Rb4+ 42.Kd3 Rb2
43.Ke3 Ra2 44.Ra7 Kxe5 45.Rxf7 Ra3+ 46.Kd2 Kd4 47.Rd7+ Ke4 48.Rf7 Ra1 49.Rf6 e5
50.f3+ Kd4 51.Rd6+ Kc5 52.Re6 Kd4 53.Rd6+ Kc4 54.Rc6+ Kb3 55.Rb6+ Kc4 56.Rc6+ Kd5
57.Rh6 h4 58.Kd3 Ra3+ 59.Kd2 Kd4 60.Rd6+ Kc4 61.Rc6+ Kd5 62.Ra6 Kc4 63.Rc6+ Kb5
64.Re6 Ra2+ 65.Kc3 Re2 66.Re8 a3 67.Rb8+ Kc6 68.Ra8 a2 69.Kd3 Rxg2 70.Ke4 Kc5
71.Kxe5 Kc4 72.Kf5 Kb3 73.Rb8+ Kc2 74.Rc8+ Kb1 75.Rb8+ Rb2 76.Ra8 Rb5+  0-1

[Event "Wch U26"]
[Site "Antwerp"]
[Date "1992.??.??"]
[Round "7"]
[White "Van Beers, Eddy"]
[Black "Thesing, Matthias"]
[Result "0-1"]
[WhiteElo "2215"]
[BlackElo "2410"]

1.d4 d5 2.c4 e6 3.Nc3 c6 4.e3 Nf6 5.Nf3 Nbd7 6.Bd3 a6 7.e4 dxc4 8.Bxc4 c5
9.a4 cxd4 10.Qxd4 Bc5 11.Qd3 Qc7 12.O-O Ng4 13.Qe2 h5 14.g3 Nf8 15.Bf4 e5
16.Nd5 Qd6 17.Bd2 Ne6 18.Rad1 Bd7 19.b4 Bd4 20.b5 a5 21.Be3 Qc5 22.Rc1 Rc8
23.Bb3 Qa3 24.Rxc8+ Bxc8 25.Qc4 O-O 26.Bxd4 Nxd4 27.Nxd4 exd4 28.Bd1 d3 29.Nf4 d2
30.Qd4 Qb4 31.Qxb4 axb4 32.Nd5 Be6 33.Nxb4 Bc4 34.Bxg4 Bxf1 35.Bxh5 Bh3 36.Nd5 g5
37.Bd1 f5 38.exf5 Bxf5 39.Ne3 Bd3 40.f3 Kg7 41.Kf2 Re8 42.Ng2 Re7 43.f4 Be4
44.Ne3 gxf4 45.Nc4 Rd7 46.gxf4 Rd4 47.Ne5 Bf5 48.Ke3 Rd5 49.Nc4 Rd3+ 50.Ke2 Rd4
51.Nxd2 Rxf4 52.Ke3 Rb4 53.Nf3 Bg4 54.Bc2 Kf6 55.Ne1 Bc8 56.Kd3 Be6 57.Kc3 Rc4+
58.Kb2 Rh4 59.Nf3 Rf4 60.Nd2 Ke5 61.Kc3 b6 62.h4 Bd5 63.h5 Rh4 64.Bd1 Rh3+
65.Kb2 Kd4 66.Kc2 Kc5 67.Kb2 Kb4 68.Kc1 Rh1 69.Kc2 Kxa4 70.Be2 Kb4 71.Kd3 Bf7
72.Kd4 Bxh5 73.Bd3 Be8 74.Nc4 Rh4+ 75.Kd5 Bf7+ 76.Kd6 Bxc4 77.Bxc4  0-1

[Event "Wch U26"]
[Site "Antwerp"]
[Date "1992.??.??"]
[Round "7"]
[White "Comas Fabrego, Luis"]
[Black "Shikerov, Stefan"]
[Result "1-0"]
[WhiteElo "2430"]
[BlackElo "2265"]

1.d4 d5 2.c4 e6 3.Nf3 c6 4.e3 Nf6 5.Nc3 Nbd7 6.Be2 Bd6 7.O-O O-O 8.b3 a6
9.a4 Re8 10.Ba3 Bc7 11.Qc2 e5 12.cxd5 cxd5 13.dxe5 Nxe5 14.Rad1 Bg4 15.Nxe5 Bxe5
16.Nxd5 Rc8 17.Qd3 Bxe2 18.Nxf6+ Qxf6 19.Qxe2 Rc3 20.Rd3 Qc6 21.Rfd1 Bf6
22.h3 h6 23.Rd6 Qe4 24.R1d3 Rec8 25.Rd7 Rc2 26.Qh5 g6 27.Qxh6 Ra2 28.Rxf7 Kxf7
29.Qh7+ Bg7 30.Rd7+ Ke6 31.Re7+  1-0

[Event "AUT-chT"]
[Site "AUT"]
[Date "1992.??.??"]
[Round "?"]
[White "Kargl, Kurt"]
[Black "Petschar, Kurt"]
[Result "1/2-1/2"]
[WhiteElo "2305"]
[BlackElo "2285"]

1.Nf3 d5 2.c4 c6 3.e3 Nf6 4.Nc3 e6 5.d4 Nbd7 6.Qc2 Bd6 7.Bd2 O-O 8.O-O-O Qe7
9.Kb1 a6 10.e4 dxe4 11.Nxe4 Nxe4 12.Qxe4 e5 13.dxe5 Nxe5 14.Nxe5 Qxe5 15.Qxe5  1/2-1/2

[Event "AUT-chT"]
[Site "AUT"]
[Date "1992.??.??"]
[Round "?"]
[White "Horvath, Jozsef"]
[Black "Barbero, Gerardo F"]
[Result "0-1"]
[WhiteElo "2480"]
[BlackElo "2485"]

1.d4 d5 2.c4 c6 3.Nc3 Nf6 4.e3 e6 5.Nf3 Nbd7 6.Qc2 Bd6 7.Be2 O-O 8.O-O dxc4
9.Bxc4 a6 10.Rd1 Qc7 11.Ne4 Be7 12.Bd2 Rd8 13.Rac1 Nxe4 14.Qxe4 Nf6 15.Qb1 Bd7
16.h3 a5 17.e4 Be8 18.Bg5 h6 19.Be3 a4 20.a3 Qa5 21.Ba2 Qh5 22.Qc2 c5 23.d5 exd5
24.e5 Nd7 25.Rxd5 Nb6 26.Rxd8 Rxd8 27.Qe4 Bc6 28.Qg4 Qxg4 29.hxg4 Bd5 30.Bxd5 Rxd5
31.Kf1 Nd7 32.Rc4 b5 33.Re4 Rd1+ 34.Ke2 Rb1 35.e6 Rxb2+ 36.Kd1 fxe6 37.Rxe6 Bf8
38.Ra6 Rb3 39.Ra7 Rd3+ 40.Kc2 Rd5 41.Nd2 Nf6 42.f3 Re5 43.Bf4 Re6 44.Ra5 Nd5
45.Bg3 Ne3+ 46.Kb1 Rb6 47.Bf2 Nd1 48.Bg1 Nc3+ 49.Kb2 Ne2 50.Be3 Rb8 51.Ne4 c4
52.Ra7 Rd8 53.Bxh6 Rd3 54.Nf6+ gxf6 55.Ra8 Kh7 56.Bxf8 c3+  0-1

[Event "AUT-chT"]
[Site "AUT"]
[Date "1992.??.??"]
[Round "?"]
[White "Herndl, Harald"]
[Black "Moser, Guenter"]
[Result "1/2-1/2"]
[WhiteElo "2275"]
[BlackElo "2255"]

1.Nf3 d5 2.c4 c6 3.d4 Nf6 4.Nc3 e6 5.e3 Nbd7 6.Bd3 Bd6 7.O-O O-O 8.e4 dxc4
9.Bxc4 e5 10.Be3 Qe7 11.Re1 exd4 12.Qxd4 Bc5  1/2-1/2

[Event "AUT-chT"]
[Site "AUT"]
[Date "1992.??.??"]
[Round "?"]
[White "Foessmeier, Ulrich"]
[Black "Kargl, Kurt"]
[Result "1-0"]
[WhiteElo "2310"]
[BlackElo "2305"]

1.d4 d5 2.Nf3 Nf6 3.c4 c6 4.Nc3 e6 5.e3 Nbd7 6.Bd3 dxc4 7.Bxc4 b5 8.Bd3 Bb7
9.O-O b4 10.Ne4 Nxe4 11.Bxe4 Rc8 12.Bd2 Ba6 13.Re1 Be7 14.Qc2 c5 15.d5 exd5
16.Bxd5 Nb6 17.Be4 g6 18.Rad1 Qc7 19.h4 O-O 20.h5 Bf6 21.hxg6 hxg6 22.a3 bxa3
23.bxa3 Bb5 24.Qb1 Bc6 25.Bc2 Nc4 26.Bb3 Bxf3 27.Bxc4 Bh5 28.g4 Qd7 29.f3 Qc7
30.Re2 Rb8 31.Qe4 Rfe8 32.Qf4 Qxf4 33.exf4 Red8 34.Rde1 Rd4 35.Bc3 Rxf4 36.Bxf6 Rxf6
37.gxh5 gxh5 38.Kf2 Kg7 39.Re5 Rb2+ 40.R1e2 Rxe2+  1-0

[Event "AUT-chT"]
[Site "AUT"]
[Date "1992.??.??"]
[Round "?"]
[White "Fauland, Alexander"]
[Black "Casagrande, Harald"]
[Result "1-0"]
[WhiteElo "2440"]
[BlackElo "2360"]

1.d4 d5 2.Nf3 Nf6 3.c4 c6 4.Nc3 e6 5.e3 Bd6 6.Qc2 Nbd7 7.Be2 O-O 8.O-O dxc4
9.Bxc4 e5 10.a3 h6 11.h3 Qe7 12.Nh4 Nb6 13.Ng6 Qc7 14.Ba2 Re8 15.dxe5 Bxe5
16.Nxe5 Qxe5 17.f4 Qf5 18.Qf2 Qc5 19.f5 Nc4 20.b4 Qe5 21.Bxc4 Qxc3 22.Qa2 Rf8
23.Rf3 Ne4 24.Bb2 Qd2 25.Qb3 b5 26.Bd3 Ng5 27.Rf2 Qxe3 28.Qc3 Nxh3+ 29.gxh3 Qg3+
30.Rg2 Qe3+ 31.Kh2 Qf4+ 32.Kh1 f6 33.Rag1 Rf7 34.Rxg7+  1-0

[Event "AUT-chT"]
[Site "AUT"]
[Date "1992.??.??"]
[Round "?"]
[White "Farago, Ivan"]
[Black "Barbero, Gerardo F"]
[Result "1-0"]
[WhiteElo "2520"]
[BlackElo "2485"]

1.d4 d5 2.c4 c6 3.Nc3 Nf6 4.e3 e6 5.Nf3 Nbd7 6.Qc2 Bd6 7.Be2 O-O 8.O-O dxc4
9.Bxc4 b5 10.Bd3 Bb7 11.e4 e5 12.dxe5 Nxe5 13.Nxe5 Bxe5 14.Ne2 c5 15.Bxb5 Nxe4
16.f3 Qb6 17.fxe4 Qxb5 18.Bf4 Rfe8 19.Bxe5 Rxe5 20.Nc3 Qe8 21.Rad1 Rb8 22.b3 Qe6
23.Qf2 f6 24.Rd2 h6 25.h3 Rc8 26.Rfd1 Bxe4 27.Rd8+ Rxd8 28.Rxd8+ Kh7 29.Nxe4 Rxe4
30.Qxc5 Re2 31.Qd4 Rxa2 32.Rd6 Qxb3 33.Qe4+  1-0

[Event "Bayern-chA"]
[Site "Bad Neustadt"]
[Date "1992.??.??"]
[Round "2"]
[White "Reis, Gerhard"]
[Black "Wimmer, Herbert"]
[Result "1/2-1/2"]
[WhiteElo "2250"]
[BlackElo "2260"]

1.d4 d5 2.Nf3 c6 3.c4 e6 4.e3 Nf6 5.Nc3 Nbd7 6.Bd3 Bd6 7.O-O O-O 8.e4 dxe4
9.Nxe4 Nxe4 10.Bxe4 h6 11.Re1 e5 12.Bc2 exd4 13.Nxd4 Nf6 14.Nf5 Bxf5 15.Bxf5 Bb4
16.Rf1 Qa5  1/2-1/2

[Event "Bad Ragaz op"]
[Site "Bad Ragaz"]
[Date "1992.??.??"]
[Round "4"]
[White "Illi, Hans Joerg"]
[Black "Kaeding, Rainer"]
[Result "1/2-1/2"]
[WhiteElo "2225"]
[BlackElo "2305"]

1.d4 d5 2.c4 e6 3.Nc3 c6 4.e3 Nf6 5.Nf3 Nbd7 6.a3 Bd6 7.b3 O-O 8.Bb2 Re8
9.Be2 Qe7 10.c5 Bc7 11.b4 e5 12.dxe5 Nxe5 13.Nb1 Ne4 14.Bd4 a5 15.Nbd2 Ng4
16.Nxe4 dxe4 17.Nd2 Qg5 18.Nf1 Qh4 19.Bxg4 Bxg4 20.Qd2 Red8 21.Qb2 axb4 22.axb4 Qg5
23.Ng3 Rxa1+ 24.Qxa1 h5 25.Nxe4 Qg6 26.f3 Bf5 27.O-O Bxe4  1/2-1/2

[Event "Bad Woerishofen op"]
[Site "Bad Woerishofen"]
[Date "1992.??.??"]
[Round "3"]
[White "Cifuentes Parada, Roberto"]
[Black "Libeau, Rene"]
[Result "1-0"]
[WhiteElo "2540"]
[BlackElo "2390"]

1.c4 c6 2.Nf3 d5 3.e3 Nf6 4.Nc3 e6 5.d4 Nbd7 6.Bd3 Bd6 7.e4 dxe4 8.Nxe4 Nxe4
9.Bxe4 Nf6 10.Bc2 c5 11.O-O O-O 12.Bg5 h6 13.Bh4 cxd4 14.Qxd4 g5 15.Rad1 Bxh2+
16.Kxh2 Qxd4 17.Rxd4 gxh4 18.Rxh4 Kg7 19.Rd1 b6 20.Ne5 h5 21.Rd3 Rh8 22.Kg1 Rh6
23.Rf4 h4 24.Rd8 h3 25.Rf3 Bb7 26.Rg3+  1-0

[Event "Bad Woerishofen op"]
[Site "Bad Woerishofen"]
[Date "1992.??.??"]
[Round "6"]
[White "Bischoff, Klaus"]
[Black "Gabriel, Christian"]
[Result "1/2-1/2"]
[WhiteElo "2495"]
[BlackElo "2360"]

1.c4 e6 2.Nc3 d5 3.d4 c6 4.e3 Nf6 5.Nf3 Nbd7 6.Qc2 Bd6 7.Bd2 O-O 8.O-O-O c5
9.cxd5 exd5 10.Be1 c4 11.g4 Nb6 12.h3 Re8 13.Bg2 Bd7 14.Ng1 Ne4 15.Nge2 Nxc3
16.Nxc3 Bc6 17.Kb1 Bf8 18.Ka1 Qd7 19.Qf5 Rad8 20.Qxd7 Rxd7 21.b3 a5 22.Rb1 g6
23.Bd2 Ra8 24.Rhd1 Bb4 25.Ne2 cxb3 26.axb3 Bb5 27.Nf4 a4 28.Kb2 axb3 29.Kxb3 Bf8
30.Bb4 Ba4+ 31.Kc3 Bxb4+ 32.Rxb4 Bxd1 33.Rxb6 Rad8 34.Rb4 g5  1/2-1/2

[Event "Bad Woerishofen op"]
[Site "Bad Woerishofen"]
[Date "1992.??.??"]
[Round "8"]
[White "Bischoff, Klaus"]
[Black "Hansen, Lars Bo"]
[Result "1-0"]
[WhiteElo "2495"]
[BlackElo "2535"]

1.Nf3 d5 2.c4 c6 3.e3 Nf6 4.Nc3 e6 5.d4 Nbd7 6.Qc2 Bd6 7.Be2 O-O 8.b3 e5
9.Bb2 exd4 10.Nxd4 dxc4 11.Bxc4 Ne5 12.Be2 Qe7 13.h3 Ba3 14.Bxa3 Qxa3 15.O-O Qc5
16.Qb2 Ng6 17.Nf3 Be6 18.Rfc1 Qe7 19.Nd4 Rfd8 20.Bf1 Nh4 21.Nxe6 Qxe6 22.Ne2 Ne4
23.Nf4 Qe7 24.Rd1 Qg5 25.Be2 Re8 26.Rd7 Nc5 27.Rd2 Ne4 28.Rd7 Nxf2 29.Bc4 Ne4
30.Rf1 Kh8 31.Rxf7 Nf6 32.Rxb7 Rxe3 33.Ne6 Rxe6 34.Bxe6 Ne4 35.Rf4 Nc5 36.Rg4 Qe3+
37.Kh2 Nxe6 38.Rbxg7  1-0

[Event "Baden-Baden"]
[Site "Baden-Baden"]
[Date "1992.??.??"]
[Round "10"]
[White "Karpov, Anatoly"]
[Black "Knaak, Rainer"]
[Result "1-0"]
[WhiteElo "2715"]
[BlackElo "2525"]

1.d4 d5 2.c4 e6 3.Nc3 c6 4.e3 Nf6 5.Nf3 Nbd7 6.Qc2 Bd6 7.b3 O-O 8.Be2 dxc4
9.bxc4 e5 10.O-O Re8 11.Rd1 Qe7 12.Rb1 e4 13.Nd2 Nf8 14.c5 Bc7 15.Nc4 Ng4
16.h3 Nf6 17.Ba3 Nd5 18.Nd6 Bxd6 19.cxd6 Qg5 20.Nxe4 Nxe3 21.Nxg5 Nxc2 22.Bc4 Ne6
23.Bxe6 Bxe6 24.Nxe6 Rxe6 25.Bc5 b6 26.Rb2 bxc5 27.dxc5 Re1+ 28.Rxe1 Nxe1
29.Rd2 Kf8 30.Kf1 Re8 31.d7 Rd8 32.Kxe1 Ke7 33.Rd6 Rxd7 34.Rxc6 Rd5 35.Rc7+ Rd7
36.Rc6 Rd5 37.Ra6 Rxc5 38.Rxa7+ Kf6 39.Ra3 g5 40.Kd2 Kg6 41.Rc3 Ra5 42.a3 h5
43.Kc2 Ra8 44.Kb3 Rb8+ 45.Ka2 Ra8 46.Rc4 f5 47.a4 Kf6 48.Ka3 Ke5 49.Rc5+ Ke4
50.a5 h4 51.Ka4 Kf4 52.Rc4+ Ke5 53.Rb4 Kd5 54.Rb5+ Ke4 55.Rb6 Kf4 56.a6 g4
57.Ka5 g3 58.Rb4+ Ke5 59.f3 f4 60.Re4+ Kf5 61.Re2 Kf6 62.Kb6  1-0

[Event "Bagneux"]
[Site "Bagneux"]
[Date "1992.??.??"]
[Round "3"]
[White "Sinkovics, Peter"]
[Black "Dubreuil, Nicolas"]
[Result "1-0"]
[WhiteElo "2335"]
[BlackElo "2300"]

1.d4 d5 2.c4 e6 3.Nf3 c6 4.e3 Nf6 5.Nc3 Nbd7 6.Qc2 Bd6 7.Bd3 O-O 8.O-O e5
9.cxd5 cxd5 10.Nb5 Bb8 11.dxe5 Nxe5 12.Nbd4 Bg4 13.Nxe5 Bxe5 14.Bd2 Qb6 15.Bc3 Rfe8
16.h3 Bd7 17.Nf3 Bxc3 18.Qxc3 Rac8 19.Qd4 Qc5 20.Rfd1 b6 21.Rd2 Qxd4 22.Nxd4 Rc5
23.Kf1 Rec8 24.Rc2 Bb5 25.Rd2 Ne4 26.Rdd1 Bxd3+ 27.Rxd3 Rc1+ 28.Rd1 R1c5
29.Ke2 g6 30.f3 Nd6 31.b3 Kf8 32.Rd2 Ke7 33.Rad1 Ne8 34.g4 a6 35.h4 Rc1 36.Kf2 Nf6
37.Rxc1 Rxc1 38.Ne2 Rc5 39.Nf4 Kd6 40.e4 Kc6 41.g5 dxe4 42.gxf6 Rf5 43.Ke3 exf3
44.Kxf3 Rxf6 45.Ke4 a5 46.Nd3 Rf1 47.Ne5+ Kc5 48.Rc2+ Kb5 49.Rc4 Re1+ 50.Kf4 f6
51.Nf3 Rb1 52.Ke4 g5 53.Nd4+ Ka6 54.Rc7  1-0

[Event "Balatonbereny op"]
[Site "Balatonbereny"]
[Date "1992.??.??"]
[Round "4"]
[White "Horvath, Jozsef"]
[Black "Burmakin, Vladimir"]
[Result "1/2-1/2"]
[WhiteElo "2505"]
[BlackElo "2375"]

1.d4 d5 2.c4 c6 3.Nc3 Nf6 4.e3 e6 5.Nf3 Nbd7 6.Qc2 Bd6 7.Be2 O-O 8.O-O dxc4
9.Bxc4 Qe7 10.a3 e5 11.h3 Bc7 12.Ba2 a6 13.Bd2 h6 14.Nh4 exd4 15.Nf5 Qe5
16.f4 Qe8 17.exd4 Nb6 18.Nxh6+ Kh8 19.Nf5 Qd7 20.Ne3 Qxd4 21.Ne2 Qe4 22.Qxe4 Nxe4  1/2-1/2

[Event "BUL-chT"]
[Site "Bankia"]
[Date "1992.??.??"]
[Round "3"]
[White "Ivanov, Jordan"]
[Black "Nikolov, Sasho"]
[Result "0-1"]
[WhiteElo "2380"]
[BlackElo "2345"]

1.d4 d5 2.c4 e6 3.Nc3 c6 4.e3 Nf6 5.Nf3 Nbd7 6.Qc2 Be7 7.Be2 O-O 8.O-O Qc7
9.Bd2 dxc4 10.Bxc4 e5 11.h3 exd4 12.exd4 Nb6 13.Bb3 Bd7 14.Rfe1 Rae8 15.Bg5 Bd8
16.Re5 Be6 17.Bxe6 Rxe6 18.Rxe6 fxe6 19.Re1 Qf7 20.Qe2 Re8 21.Ne5 Qh5 22.Nf3 Nbd5
23.Qc4 Bc7 24.Qb3 Bb6 25.Qc2 Bxd4 26.Nxd4 Qxg5 27.Rxe6 Nf4 28.Rxe8+ Nxe8
29.Qe4 Nd6 30.Qf3 Nxh3+ 31.Qxh3 Qc1+ 32.Kh2 Qf4+ 33.Kg1 Qxd4 34.Qd7 h5 35.Ne4 Qxe4
36.Qxd6 Qb1+ 37.Kh2 Qxb2 38.Qb8+ Kh7 39.Qxa7 Qe5+ 40.g3 b5 41.Qd7 Qd5 42.Qe8 b4
43.Qe2 c5 44.Qc2+ Kg8 45.Qa4 Kf7 46.Qa7+ Kf6 47.Qa6+ Kf5 48.Qe2 Kf6 49.Qa6+ Qe6
50.Qb5 Qd6 51.Qe2 Qd4 52.Qf3+ Ke7 53.Qb7+ Kd6 54.Qa6+ Kd5 55.Kg2 Qe4+ 56.Kh2 Kd4
57.Qa7 Qe5 58.a4 b3 59.a5 b2 60.Qb7 Kc3 61.a6 Qf5 62.a7 Qxf2+ 63.Kh1 Qf1+
64.Kh2 Qe2+ 65.Kh3 Qf1+ 66.Kh4 Qf6+ 67.Kxh5 Qh6+ 68.Kg4 Qg6+ 69.Kh4 b1=Q
70.Qxb1 Qxb1 71.a8=Q Qh7+ 72.Kg4 Qg6+ 73.Kh4 Qf6+ 74.Kh3 c4 75.Qa3+ Kd4 76.Qa4 Qf5+
77.g4 Qe5 78.Kh4 Qh2+ 79.Kg5 Qh6+  0-1

[Event "Barcelona"]
[Site "Barcelona"]
[Date "1992.??.??"]
[Round "?"]
[White "Akopian, Vladimir"]
[Black "Lautier, Joel"]
[Result "1/2-1/2"]
[WhiteElo "2605"]
[BlackElo "2580"]

1.d4 d5 2.c4 c6 3.Nf3 Nf6 4.e3 e6 5.Nc3 Nbd7 6.Qc2 Bd6 7.Be2 O-O 8.O-O dxc4
9.Bxc4 a6 10.a3 c5 11.dxc5 Bxc5 12.b4 Bd6 13.Bb2 b5 14.Ne4 Be7 15.Bd3 Bb7
16.Rad1 Qc8 17.Nxf6+ Nxf6 18.Qb1 Bxf3 19.gxf3 Ra7 20.Kh1 Qa8 21.Be2 Rd8 22.Rg1 Rad7
23.Bd4 Ne8 24.Qa1 g6 25.Bc3 Qc6 26.Rxd7 Rxd7 27.Rc1 Rc7 28.Bb2 Qb7 29.Rxc7 Qxc7
30.Kg2 Bf8 31.Qd1 Bg7 32.Bxg7 Kxg7 33.a4 Nd6 34.Qd4+ f6 35.Qc5 Qxc5 36.bxc5 Nb7
37.axb5 axb5 38.Bxb5 Nxc5  1/2-1/2

[Event "Beersheba"]
[Site "Beersheba"]
[Date "1992.??.??"]
[Round "6"]
[White "Alterman, Boris"]
[Black "Chernin, Alexander"]
[Result "0-1"]
[WhiteElo "2515"]
[BlackElo "2620"]

1.d4 d5 2.c4 c6 3.Nc3 Nf6 4.e3 e6 5.Nf3 Nbd7 6.Bd3 dxc4 7.Bxc4 b5 8.Bd3 a6
9.e4 c5 10.e5 cxd4 11.Nxb5 Ng4 12.Qa4 Bb7 13.Nbxd4 Qb6 14.O-O Bc5 15.Be3 Nxe3
16.fxe3 h6 17.Kh1 Rd8 18.b4 Qxb4 19.Qc2 Bxd4 20.Rab1 Qc3 21.Rxb7 Bxe5 22.Nxe5 Qxc2
23.Bxc2 Nxe5 24.Ba4+ Kf8 25.Ra7 g5 26.Rxa6 Kg7 27.Ra7 Ra8 28.Rxa8 Rxa8 29.Bb3 Rc8
30.Kg1 Rc3 31.Re1 Ng4 32.e4 Kf6 33.h3 Ne5 34.Rf1+ Ke7 35.Re1 h5 36.Re2 h4
37.Re1 Ng6 38.Kf2 Kf6 39.Re3 Rc1 40.Rf3+ Nf4 41.g3 hxg3+ 42.Rxg3 Rh1 43.a4 Rb1
44.Rc3 Ke5 45.a5 Ra1 46.Rc5+ Kd6 47.Rb5 Ra3 48.Kg3 Kc6 49.Rb6+ Kc7 50.Kg4 Rxa5
51.Rb4 Nd3 52.Rc4+ Kb6 53.Rd4 Ne5+ 54.Kh5 g4 55.Rb4+ Kc5 56.Rb8 gxh3 57.Kg5 h2
58.Rh8 Ra3 59.Kf6 Kd6 60.Bd1 Ra1  0-1

[Event "Belfort op"]
[Site "Belfort"]
[Date "1992.??.??"]
[Round "7"]
[White "Welling, Gerard"]
[Black "Komarov, Dimitri"]
[Result "0-1"]
[WhiteElo "2335"]
[BlackElo "2455"]

1.d4 d5 2.Nf3 Nf6 3.e3 c6 4.c4 e6 5.Nc3 Nbd7 6.Bd3 dxc4 7.Bxc4 b5 8.Be2 Bb7
9.O-O Be7 10.Bd2 O-O 11.a3 a6 12.Qc2 c5 13.dxc5 Nxc5 14.Rfd1 Rc8 15.Be1 Qb6
16.Rac1 Nfe4 17.Nxe4 Bxe4 18.Qc3 Qb7 19.b4 Nd3 20.Qxc8 Rxc8 21.Rxc8+ Qxc8
22.Bxd3 Bxd3 23.Rxd3 Bf6 24.Nd4 Qc1 25.Nf3 Kf8 26.e4 Ke7 27.g3 g5 28.h3 h5
29.Kh2 g4 30.e5 gxf3 31.exf6+ Ke8 32.Re3 Qa1 33.g4 Qxf6 34.gxh5 Qg5  0-1